| 000 | 00556nam a22001337a 4500 | ||
|---|---|---|---|
| 040 | _cRUA | ||
| 082 | _aAGI TY 2015 B494 Or.1 | ||
| 100 | _aTY SOVITHOU; ទី សុវិទូរ្យ | ||
| 245 | _aEthanol production by simuitaeous scarification fermentation, ការផលិតអេតាណុលដោយការបំបែកគ្លុយកូស និងការបន្ទុំក្នុងពេលតែមួយ | ||
| 260 |
_aPhnom Penh _bill. _c29cm. |
||
| 300 |
_aviii.30p. _bill. _c29cm. |
||
| 856 | _uTY SOVITHOU | ||
| 942 | _cAGI | ||
| 999 |
_c8341 _d8341 |
||